000 00682nam a2200241 i 4500
001 C2-0128858
003 PPAK
005 20180727120931.0
008 970927s1984 maua|||| ||||| | eng d
020 _a085078400X
040 _aPPAK
_beng
_cPPAK
_erda
082 0 4 _a521.54
_223
090 0 0 _a521.54
_bLAM
_dK
100 1 _aLambert, David,
_eauthor
245 1 4 _aThe solar system
264 1 _aWayland, Massachusetts :
_bHove, East Sussex ,
_c1984
300 _a48 pages :
_bcolour illustrations ;
_c20 cm
336 _2rdacontent
_atext
337 _2rdamedia
_aunmediated
338 _2rdacarrier
_avolume
650 1 0 _aSolar system -- Juvenile literature
942 _ddc
_cB
999 _c39027
_d39027